000 01279nmm a2200313 a 4500
001 ocm0002016466
003 TR-IsHL
005 20201028181018.0
008 181227s2018 tu tur
007 cr cn
020 _a9786052811467
035 _a2016466
_b(N$T)
050 0 4 _aHF1372
_b.I58 2018
090 0 4 _aHF1372
_b.I58 2018
245 1 0 _aI. In Traders Uluslararası Ticaret Kongresi Kongre Kitabı= First InTraders International Conference on International Trade Conference Book
_h[electronic resource] /
_ceditörler Kürşat Çapraz Dr. Irina Raluca Badea Dr. Öğretim Üyesi Mustafa Yılmaz ; Genel yayın editörü Hatice Bahtiyar
250 _a1. Baskı
260 _aİstanbul :
_bHiperlink Yayınları,
_c2018
300 _a573 p.
650 4 _aEkonomi ve Finans
650 4 _aEconomics and Finance
650 0 _aUluslararası ticaret
_x Kongreler
650 0 _aInternational trade
_x Congresses
650 7 _aBUSINESS & ECONOMICS / Commercial Policy
_2bisacsh
700 1 _aÇapraz, Kürşat
700 1 _aBadea, Irina Raluca
700 1 _aYılmaz, Mustafa
700 1 _aBahtiyar, Hatice
856 4 0 _uhttp://search.ebscohost.com/login.aspx?direct=true&scope=site&db=e011xww&AN=2016466
999 _c19406
_d19406